000 00839nam a2200217Ia 4500
001 17954
005 20260318174857.0
008 260306s9999||||xx |||||||||||||| ||und||
041 _aESP
082 _a658.3
_bL92A
100 _aLouffat Olivares, Enrique
_eAUT
245 0 _aAdministración del potencial humano
260 _c2018
300 _axiv, 306 páginas :
_c25 cm.
650 _aGEN
654 _aCAN
856 _uhttps://itmsp.museknowledge.com/UCSP?url=https://www.ebooks7-24.com:443/?il=5701&pg=1
_zVersión digital
856 _uhttps://0u213t1hq-y-https-ebooks7--24-com.itmsp.museknowledge.com/biblioteca.aspx
_zVéase además: Base de datos Ebook7-24
856 _uhttps://0u20yt1hv-y-https-www-bibliotechnia-com-mx.itmsp.museknowledge.com/
_zVéase además: Base de datos BiblioTechnia
942 _cLIB
_dJUS
_fJUS
_2ddc
999 _c17954
_d17954